Gaming Quiz

Random Gaming or Pokémon Quiz

Name the Pokemon by it's Generation and Pokedex No. Quiz Stats

Quiz not verified by Sporcle

Challenge
Share
Tweet
Embed
Score 0/20 Timer 05:00
0 Plays Today
Generation Pokemon % Correct
Gen. 1Squirtle
90.9%
Gen. 1Mew
63.6%
Gen. 1Mewtwo
63.6%
Gen. 3Deoxys
36.4%
Gen. 4Lucario
27.3%
Gen. 5Snivy
27.3%
Gen. 1Ditto
27.3%
Gen. 4Arceus
27.3%
Gen. 5Oshawott
27.3%
Gen. 5Emboar
27.3%
Generation Pokemon % Correct
Gen. 2Slowking
27.3%
Gen. 4Lumineon
27.3%
Gen. 1Marowak
18.2%
Gen. 3Absol
18.2%
Gen. 2Remoraid
9.1%
Gen. 3Altaria
9.1%
Gen. 4Drifloon
0%
Gen. 3Sableye
0%
Gen. 5Bisharp
0%
Gen. 3Corphish
0%

You're not logged in!

Compare scores with friends on all Sporcle quizzes.
Sign Up with Email
OR
Log In

You Might Also Like...

Show Comments

Extras

Top Quizzes Today


Score Distribution

Your Account Isn't Verified!

In order to create a playlist on Sporcle, you need to verify the email address you used during registration. Go to your Sporcle Settings to finish the process.

Report this User

Report this user for behavior that violates our Community Guidelines.

Details: